| 000 | 00777nam a2200229Ia 4500 | ||
|---|---|---|---|
| 003 | OSt | ||
| 005 | 20260204105934.0 | ||
| 008 | 220909b |||||||| |||| 00| 0 eng d | ||
| 037 | _cReference Collections | ||
| 040 |
_aCSL _beng _cCSL |
||
| 041 | _aeng | ||
| 084 |
_aJ1:4g M3 RR _qCSL |
||
| 100 |
_aBuczacki, Stefan T. _eauthor. _91113520 |
||
| 245 | 0 | _aCollins Shorter Guide to the Pests, Diseases and Disorders of Garden Plants | |
| 260 |
_aLondon : _bWilliam Collins , _c1983. |
||
| 300 |
_a319 p. _b: ill. |
||
| 650 |
_a Agricutlrue _91113521 |
||
| 650 |
_aPest _91113522 |
||
| 700 |
_aHarris, Keith M. _eco-author. _91113523 |
||
| 942 |
_hJ1:4g M3 RR _cREF _2CC _n0 |
||
| 999 |
_c72118 _d72118 |
||